les 100 chiffres de l'Actu - Statistiques

Statistiques générales
  • Ce quiz a été pris 2 fois
  • Le résultat moyen est 4 sur 53
Statistiques - réponses
Hint Réponse % Correct
Indice d’inégalités (coefficient de Gini) 0,297 (o égalité, 1 inegalité)
50%
Indice de développement humain (IDH) Observatoire inégalités avec PNUD (onu) 0,920 en F en 2023, moyenne de 0,756 mondiale
50%
Dépenses mondiales (record histo) chiffres ONU 2,6 trillions $ en 2025, soit 2 % du PIB mondial
50%
Durée moyenne d’une affaire civile 420j (220 en Europe)
50%
taux de confiance en la justice : 62% ont pas confiance !
50%
Nombre de démocraties, VDEM 74% sous A
7% sous Démo
50%
Taux de réussite au bac en 2025 91,9 % (+0,4% 2024)
50%
Les disparités de participation. Données INSEE
2022.
hausse jusque 80 ans puis décroit, Abstention des 18-34 ans de 24%
50%
Budget de la justice pour 2026 10,6 md
0%
Concentration des médias, enquête sénatoriale 2022 11 md deviennent 80% de la presse quotidienne.
0%
Nombre de divorces 120 000 en 2025 (prévision INSEE) un couple sur 2
0%
le taux de surpopulation : au max 135 et actuellement : 129,5
0%
Seuil de pauvreté Insee, 2023 ≈ 1 300 € / mois,
0%
Le salaire minimum (mensuel) 1443,11 euros mensuel net
0%
Taux de violences à l’école, ministère educ. 14 pour 1 000 élèves.
(+23% dossiers signalements depuis 2020)
0%
Taux de natalité 1,56 par femme (le Monde) au plus bas depuis 1918…
0%
Taux de confiance en la politique CEVIPOF 2026 : 15%dans les partis (60% élus locaux)
18% PR
20% AN
0%
taux de pauvreté (Insee 2023) 15%, quasiment 10 millions de français.
0%
Nombre de féminicides 164 en 2025
0%
Le taux d’inflation INSEE 1,7% sur un an en mars pour 0,8 en fevrier
0%
Nombres de Tj, TPRox, CA, 184, 124, 34
0%
Nombre de juges par hab / moyenne eu 20 pour 100 000, 3x moins qu’en All
0%
Nombres de CPH, de TC et de CAssises 210, 122 et 100
0%
Classement PISA (OCDE, 2025)
Programme international suivi aquis
23 rang
0%
nombre de mariages 244 000 dont 7000 du mm sexe
0%
Taux de récidive (%) chiffres justice 35% crimes et 44%délits
0%
Taux de harcèlement scolaire
selon le baromètre annuel de l'association e-enfance
35% mais 24% en 2024,
0%
Nombre d’enfants placés par l’ASE (observatoire national de la protection enfance) 397 000 mineurs (2024)
0%
Actes antisémites en France 3 par jour, en baisse depuis 2024, niveau historique.
0%
Confiance en les médias, Etude VERIAN 47% sont lassés, 61% se méfient,
0%
Evolution budget 2017-2026 +53%
0%
Nombre de PMA/ nombre d’adoptions 5300 et 69 enfants international contre 4000 il y a 20 ans
0%
Budget militaire de la France (% PIB)
Ministere Armées
57 md soit +6,7 milliards € en 2026
0%
Taux de participation électorale (selon Le Monde 57% municip 2026
51% europ (2024)
0%
conflits armés étatiques en 2023 (record depuis 1946, selon Euronews 59
0%
Le RSA (chiffre Admin( 651 euros sans enfants.
0%
Dépenses de santé (% PIB - 684,2 milliards LE PLUS GROS BLOC
0%
Le mix énergétique français (étude Le Monde en 2025) 68% Nucléaire
13 %hydraulique
7% éolien
6% gaz
3% photovoltaique
0%
Nombre d’ouvertures de mesures de protection des majeurs. 712 000
0%
taux de chômage 7,9 %
0%
nombre de détenus (dont DP) 81 600 dont 27% DP
0%
Espérance de vie (Insee) pour 2050 84,3 ho et 91 fe
0%
le taux de réponse pénale 86% mineurs
0%
Rapport Transparency France 2025 87 Danemark vs 9 Somalie. Score moyen de 42, France 66
0%
information des frs 92% quotidiennement, mais 55% évitent parfois
20% réseaux sociaux, même 1/2 jeune. + 20% utilisent IA (!)
0%
Nombre d’homicides par an 982 en 2025, soit +1%
0%
Europe de la défense All + France = 44 % des dépenses europ
0%
taux de prélèvements obligatoires en 2024, source Eurostat C’est 45,3% du PIB en poids
0%
Balance démographique
En 2050
½ dans la vie active…
33% aura + de 65 ans…
0%
Nombre de médecins pour 1 000 habitants
(vie publique).
En 2025, 358 pour 100 000 hab. MAIS très inégal (PACA/Guyane).
0%
Nombre de viols (insécurité et délinquance, MI) En hausse de 9% par rapp à 2024
0%
Le nombre de décisions de justice tout litige confondus. Entre 3 et 4 millions
0%
classement confiance média Finlande 67% USA 30% confiance
0%
Aucun quiz correspondant
Distribution des résultats
% des personnes avec chaque résultat
Percentile par nombre de réponses
Votre historique - résultats
Vous n’avez pas pris ce quiz